Các yếu tố ảnh hưởng đến sự thỏa mãn công việc của người lao động tại Công ty cổ phần bột giặt LIX : Luận văn thạc sĩ - Chuyên ngành: Quản trị kinh doanh

Đã lưu trong:
书目详细资料
主要作者: Chu, Viết Hùng
格式: Luận văn
语言:Undetermined
出版: Đại học Công nghiệp Tp. Hồ Chí Minh 2022
主题:
在线阅读:https://opac.iuh.edu.vn/TraCuuTaiLieuSo2XemChiTiet.aspx?Id=115125
标签: 添加标签
没有标签, 成为第一个标记此记录!
Thư viện lưu trữ: Trung tâm Thư viện - Trường Đại học Công nghiệp TP. Hồ Chí Minh
LEADER 00810nam a2200169Ia 4500
001 UIH_02177
008 230809s9999 xx 000 0 und d
082 |a 658.3 
100 |a Chu, Viết Hùng 
245 0 |a Các yếu tố ảnh hưởng đến sự thỏa mãn công việc của người lao động tại Công ty cổ phần bột giặt LIX : Luận văn thạc sĩ - Chuyên ngành: Quản trị kinh doanh 
245 0 |c Chu, Viết Hùng 
260 |b Đại học Công nghiệp Tp. Hồ Chí Minh 
260 |c 2022 
650 |a Quản trị kinh doanh; 
856 |u https://opac.iuh.edu.vn/TraCuuTaiLieuSo2XemChiTiet.aspx?Id=115125 
927 |a Luận văn 
980 |a Trung tâm Thư viện - Trường Đại học Công nghiệp TP. Hồ Chí Minh